| 000 | 01076cam a2200325 4500 | ||
|---|---|---|---|
| 001 | |||
| 008 | 000000n2000 000 0 eng u | ||
| 020 | _a184219030X | ||
| 035 | _a(Sirsi) u108460 | ||
| 050 | _a333.332 | ||
| 100 | _aSayce, Sarah | ||
| 245 | 4 |
_aThe valuation of non-profit orientated leisure property _h[electronic resource] |
|
| 260 |
_aLondon _bRICS Research Foundation _c2000 |
||
| 300 | _avii, 47p. ; 30cm. | ||
| 520 | _aAlso assigned the ISBN 1842190032. | ||
| 650 | _aLEISURE PROPERTY | ||
| 650 | _aSPORTS CENTRES | ||
| 650 | _aSPORTS FACILITIES | ||
| 650 | _aTHEATRES | ||
| 650 | _aGALLERIES | ||
| 650 | _aMUSEUMS | ||
| 650 | _aRECREATIONAL FACILITIES | ||
| 650 | _aVALUATIONS | ||
| 650 | _aOPEN MARKET VALUE | ||
| 690 | _aPROPERTY-PROPERTY APPRAISAL AND VALUATION | ||
| 700 | _aConnellan, Owen | ||
| 710 |
_aRoyal Institution of Chartered Surveyors _bResearch Foundation _93861 |
||
| 856 | 4 | 0 |
_uhttps://www.rics.org/Global/Downloads/ValuationNon-profitOrientedLeisureProperty2000.pdf _zNo longer available online |
| 942 |
_n0 _2ddc |
||
| 999 |
_c100795 _d100795 |
||